000 00598nam a2200181 4500
001 122828
003 ES-MaACL
005 20230906192041.0
007 t|
008 070214s1966 sp r ||||0| spa d
100 1 _aPujol Amat, P.
_994351
245 1 0 _aEstado actual de la terapéutica con esteroides anabolizantes de acción prolongada /
_cP. Pujol Amat, J.M. Urgell Roca.
260 _aBarcelona :
_bLaboratorios Fher,
_c1966.
300 _a91 p., [1] h. de lám :
_bil ;
_c20 cm.
650 4 _aAnabolizantes.
_9150269
700 1 _aUrgell Roca, J. M.
_9112132
852 _aES-MaACL
_jF-16368
999 _c122828
_d122828